Haruki Murakami Books Quiz Stats

 Plays Quiz Updated Jul 11, 2019

Score 0/14 Timer 06:00
1 Play Today
Year Book % Correct
1987/2000Norwegian Wood
80%
2002/2005Kafka on the Shore
69.8%
1995/1997The Wind-Up Bird Chronicle
68.9%
2009/20111Q84
58.6%
1982/1989A Wild Sheep Chase
50.9%
1988/1994Dance Dance Dance
49.6%
1999/2001Sputnik Sweetheart
44%
Year Book % Correct
2004/2007After Dark
42.7%
1985/1991Hard-Boiled Wonderland and the End of the World
41.9%
1992/2000South of the Border, West of the Sun
31.2%
1979/2015Hear the Wind Sing
26.5%
1980/2015Pinball, 1973
25.1%
2017/2018Killing Commendatore
19.4%
2013/2014Colorless Tsukuru Tazaki and His Years of Pilgrimage
15.5%

You're not logged in!

Compare scores with friends on all Sporcle quizzes.
OR
Log In

Sporcle TV

Today on Sporcle TV


Watch our educational content, quiz creation guides, and fun videos on Sporcle TV.

Show Comments

Extras

Top Quizzes Today


Score Distribution

Your Account Isn't Verified!

In order to create a playlist on Sporcle, you need to verify the email address you used during registration. Go to your Sporcle Settings to finish the process.

Report this User

Report this user for behavior that violates our Community Guidelines.

Details: